Вариации ионосферных параметров во время магнитных бурь в январе-феврале 1974 г.

Бібліографічні деталі
Співавтор: Академия наук СССР (АН СССР) Институт земного магнетизма, ионосферы и распространения радиоволн (ИЗМИРАН)
Інші автори: Фаткуллин М. Н. (редактор)
Мова:Російська
Опубліковано: Москва, Изд-во ИЗМИРАН, 1986
Предмети:
Формат: Книга
KOHA link:https://koha.lib.tpu.ru/cgi-bin/koha/opac-detail.pl?biblionumber=259506

MARC

LEADER 00000nam0a2200000 4500
001 259506
005 20231101233407.0
020 |a RU  |b 88-30588 
035 |a (RuTPU)RU\TPU\book\282449 
090 |a 259506 
100 |a 20140510d1986 k a0rusy5003 ca 
101 0 |a rus 
102 |a RU 
105 |a a z 001zy 
200 1 |a Вариации ионосферных параметров во время магнитных бурь в январе-феврале 1974 г.  |f Академия наук СССР (АН СССР), Институт земного магнетизма, ионосферы и распространения радиоволн (ИЗМИРАН) ; под ред. М. Н. Фаткуллина 
210 |a Москва  |c Изд-во ИЗМИРАН  |d 1986 
215 |a 148 с.  |c ил. 
320 |a Библиогр. в конце ст. 
606 1 |a Магнитные бури  |2 stltpush  |3 (RuTPU)RU\TPU\subj\40806  |9 60636 
610 1 |a ионосфера 
610 1 |a ионосферные возмущения 
610 1 |a магнитосферные процессы 
610 1 |a магнитосферная активность 
675 |a 550.385  |z rus 
702 1 |a Фаткуллин  |b М. Н.  |4 340 
712 0 2 |a Академия наук СССР (АН СССР)  |b Институт земного магнетизма, ионосферы и распространения радиоволн (ИЗМИРАН)  |2 stltpush  |3 (RuTPU)RU\TPU\col\12157 
801 0 |a RU  |b RuMRKP  |c 19960705  |g psbo 
801 1 |a RU  |b 63413507  |c 20140510 
801 2 |a RU  |b 63413507  |c 20141201  |g RCR 
942 |c BK